Income tax manual (Record no. 9)
[ view plain ]
| 000 -LEADER | |
|---|---|
| fixed length control field | 00377nam a22001217a 4500 |
| 008 - FIXED-LENGTH DATA ELEMENTS--GENERAL INFORMATION | |
| fixed length control field | 140128b xxu||||| |||| 00| 0 eng d |
| 110 ## - MAIN ENTRY--CORPORATE NAME | |
| 9 (RLIN) | 12 |
| Corporate name or jurisdiction name as entry element | Bangladesh Government |
| 245 ## - TITLE STATEMENT | |
| Title | Income tax manual |
| Statement of responsibility, etc. | Ministry of Finance, Govt. of Bnagladesh |
| Remainder of title | (part-II) |
| 260 ## - PUBLICATION, DISTRIBUTION, ETC. (IMPRINT) | |
| Place of publication, distribution, etc. | Dhaka |
| Name of publisher, distributor, etc. | BG Press Bnagladesh |
| Date of publication, distribution, etc. | c1999 |
| 300 ## - PHYSICAL DESCRIPTION | |
| Extent | 100p |
| 610 #0 - SUBJECT ADDED ENTRY--CORPORATE NAME | |
| 9 (RLIN) | 11 |
| Corporate name or jurisdiction name as entry element | Bnagladesh Goverment Publication |
| 942 ## - ADDED ENTRY ELEMENTS (KOHA) | |
| Source of classification or shelving scheme | |
| Koha item type | Books |
| Withdrawn status | Lost status | Source of classification or shelving scheme | Damaged status | Not for loan | Collection code | Permanent location | Current location | Date acquired | Inventory number | Total Checkouts | Date last seen | Price effective from |
|---|---|---|---|---|---|---|---|---|---|---|---|---|
| Reference | Bangladesh University of Business and Technology Library | Bangladesh University of Business and Technology Library | 01/28/2014 | 9 | 01/28/2014 | 01/28/2014 |
